[Event "XVII Festival Magistrale"]
[Site "Asti ITA"]
[Date "1996.10.11"]
[Round "7"]
[White "Frank, Albert"]
[Black "Mordiglia, Riccardo"]
[Result "1/2-1/2"]
[WhiteElo "2045"]
[BlackElo "2100"]
[PlyCount "23"]
[EventDate "1996.10.05"]

1. e4 b6 2. d4 Bb7 3. Bd3 e6 4. Nf3 c5 5. c3 Nf6 6. Qe2 Be7 7. Bg5 cxd4 8. cxd4
O-O 9. Nbd2 h6 10. Bxf6 Bxf6 11. Rc1 d6 12. O-O 1/2-1/2

[Event "XVII Festival Magistrale"]
[Site "Asti ITA"]
[Date "1996.10.11"]
[Round "7"]
[White "Kosten, Anthony C."]
[Black "Efimov, Igor"]
[Result "1/2-1/2"]
[WhiteElo "2525"]
[BlackElo "2510"]
[PlyCount "63"]
[EventDate "1996.10.05"]

1. c4 e6 2. Nc3 d5 3. d4 dxc4 4. e3 Nf6 5. Bxc4 c5 6. Nf3 a6 7. a4 Qc7 8. Qe2
Nbd7 9. O-O Bd6 10. dxc5 Bxc5 11. e4 Ng4 12. h3 Nge5 13. Ba2 O-O 14. Bf4 Bd6
15. Nxe5 Bxe5 16. Bxe5 Nxe5 17. f4 Nc6 18. Rad1 b5 19. e5 Bb7 20. Bb1 Ne7 21.
axb5 axb5 22. Nxb5 Qb6+ 23. Rf2 Ng6 24. Kh2 Ra4 25. g3 Ba6 26. Bd3 Bxb5 27.
Bxb5 Rb4 28. Bd3 Ne7 29. Rd2 Rd8 30. Bc2 Rxd2 31. Qxd2 g6 32. b3 1/2-1/2

[Event "XVII Festival Magistrale"]
[Site "Asti ITA"]
[Date "1996.10.11"]
[Round "7"]
[White "Luther, Thomas"]
[Black "Krasenkow, Michal"]
[Result "1/2-1/2"]
[WhiteElo "2495"]
[BlackElo "2605"]
[PlyCount "67"]
[EventDate "1996.10.05"]

1. e4 e5 2. Nf3 Nc6 3. Bb5 a6 4. Ba4 Nf6 5. O-O Nxe4 6. d4 b5 7. Bb3 d5 8. dxe5
Be6 9. c3 Be7 10. Nbd2 Qd7 11. Bc2 Bf5 12. Nd4 Bg6 13. a4 O-O 14. Nxe4 Bxe4 15.
axb5 axb5 16. Rxa8 Rxa8 17. Bxe4 dxe4 18. e6 fxe6 19. Nxb5 Qxd1 20. Rxd1 Ra1
21. Rf1 Bd8 22. Bf4 Rxf1+ 23. Kxf1 e5 24. Be3 Kf7 25. Ke2 Ke6 26. Kd2 Na5 27.
Kc2 Nc4 28. b3 Nd6 29. Nxd6 cxd6 30. c4 Ba5 31. Bd2 Bb6 32. Be3 Ba5 33. Bd2 Bb6
34. Be3 1/2-1/2

[Event "XVII Festival Magistrale"]
[Site "Asti ITA"]
[Date "1996.10.11"]
[Round "7"]
[White "Malano, Francesco"]
[Black "Canelli, Daniele"]
[Result "1-0"]
[WhiteElo "2080"]
[BlackElo "2070"]
[PlyCount "135"]
[EventDate "1996.10.05"]

1. Nf3 d5 2. b3 Nc6 3. Bb2 Bg4 4. e3 a6 5. Be2 Bxf3 6. Bxf3 e5 7. c4 e4 8. Be2
d4 9. exd4 Nxd4 10. O-O Nf6 11. Re1 Be7 12. Bf1 O-O 13. Nc3 Bc5 14. Nxe4 Nxe4
15. Rxe4 Qf6 16. b4 Ba7 17. Bc3 c5 18. Bxd4 cxd4 19. d3 Rad8 20. Qd2 Bb8 21. g3
b6 22. Rae1 Bd6 23. Qb2 h6 24. Bg2 a5 25. bxa5 bxa5 26. Qxd4 Qf5 27. Rg4 g6 28.
Bd5 h5 29. Rge4 a4 30. Kg2 Kh7 31. R1e3 Qd7 32. Qf6 Qf5 33. Qxf5 gxf5 34. Rh4
Kg6 35. Bf3 Rh8 36. d4 Bb4 37. Rd3 Be7 38. Rh3 Bf6 39. d5 Be7 40. Bd1 a3 41.
Rb3 Rb8 42. Bxh5+ Kg7 43. Bd1 Rxb3 44. Bxb3 Rb8 45. g4 fxg4 46. Rd3 Bd6 47. f3
gxf3+ 48. Kxf3 Rh8 49. Rd2 Kf6 50. Re2 Kf5 51. Bc2+ Kf6 52. Rf2 Rh4 53. Ke2+
Ke7 54. Kd3 Bxh2 55. c5 Bg1 56. d6+ Kd8 57. Rf5 f6 58. Rd5 Kd7 59. Kc3 Rh8 60.
Bf5+ Kc6 61. Be4 Kd7 62. c6+ Ke6 63. c7 Bh2 64. Rh5 Be5+ 65. Kc4 Rxh5 66. c8=Q+
Kxd6 67. Qd8+ Ke6 68. Qe8+ 1-0

[Event "XVII Festival Magistrale"]
[Site "Asti ITA"]
[Date "1996.10.11"]
[Round "7"]
[White "Mollero, Michele"]
[Black "Maccagno, Giancarlo"]
[Result "0-1"]
[WhiteElo "2030"]
[BlackElo "2205"]
[PlyCount "98"]
[EventDate "1996.10.05"]

1. d4 g6 2. e4 d6 3. Nf3 Bg7 4. h3 Nf6 5. Bd3 O-O 6. O-O Nbd7 7. Qe2 e5 8. dxe5
dxe5 9. Be3 Qe7 10. Nc3 c6 11. a4 Nc5 12. Rad1 Nh5 13. Bc4 Nf4 14. Qd2 Be6 15.
Bxe6 Ncxe6 16. Bxf4 exf4 17. e5 Qb4 18. Qc1 Rad8 19. Rfe1 Nc5 20. Ne2 Nxa4 21.
b3 Nc3 22. Rxd8 Rxd8 23. Nxf4 Bh6 24. Nd3 Bxc1 25. Nxb4 Bd2 26. Ra1 Ne2+ 27.
Kf1 Bxb4 28. Kxe2 a6 29. Rd1 Rxd1 30. Kxd1 Kf8 31. Ke2 Ke7 32. Ng5 h6 33. Ne4
Ke6 34. f4 a5 35. c4 b5 36. Kd3 a4 37. bxa4 bxa4 38. g4 a3 39. Kc2 Be7 40. Kb3
g5 41. fxg5 hxg5 42. Nd2 Kxe5 43. Nf3+ Ke4 44. Ne1 Bc5 45. Nc2 Kd3 46. Ne1+ Ke2
47. Nc2 Kd2 48. Na1 Bd4 49. Nc2 a2 0-1

[Event "XVII Festival Magistrale"]
[Site "Asti ITA"]
[Date "1996.10.11"]
[Round "7"]
[White "Musso, Luciano"]
[Black "Astengo, Marcello"]
[Result "0-1"]
[WhiteElo "1921"]
[BlackElo "2115"]
[PlyCount "38"]
[EventDate "1996.10.05"]

1. Nf3 d5 2. d4 Nf6 3. g3 c6 4. Bg2 e6 5. c3 Bd6 6. Nbd2 Nbd7 7. O-O h6 8. Qc2
O-O 9. e4 dxe4 10. Nxe4 Nxe4 11. Qxe4 Qc7 12. Be3 e5 13. dxe5 Nxe5 14. Nxe5
Bxe5 15. Rfe1 Bf6 16. Bf4 Qb6 17. Bd6 Rd8 18. Qe8+ Rxe8 19. Rxe8+ Kh7 0-1

[Event "XVII Festival Magistrale"]
[Site "Asti ITA"]
[Date "1996.10.11"]
[Round "7"]
[White "Nurkic, Sahbaz"]
[Black "Capurro, Giuliano"]
[Result "1-0"]
[WhiteElo "2405"]
[BlackElo "2016"]
[PlyCount "115"]
[EventDate "1996.10.05"]

1. e4 e5 2. Nf3 Nf6 3. Nc3 Nc6 4. Bb5 Bc5 5. O-O d6 6. d4 exd4 7. Nxd4 Bd7 8.
Bxc6 bxc6 9. Bg5 h6 10. Bh4 g5 11. Bg3 O-O 12. Kh1 Bxd4 13. Qxd4 c5 14. Qd3 Re8
15. Rae1 Bc6 16. f4 Nh5 17. Qf3 Nxg3+ 18. Qxg3 Qf6 19. fxg5 Qxg5 20. Qd3 Re5
21. Rf3 Qh4 22. Ree3 Rae8 23. Rg3+ Kf8 24. Qe2 Qh5 25. Qxh5 Rxh5 26. Kg1 a5 27.
Kf2 Rb8 28. b3 Rxh2 29. Rg4 Rh5 30. Rf4 Kg7 31. Ref3 f5 32. Rxf5 Rxf5 33. Rxf5
Re8 34. Kf3 Kg6 35. Rf4 h5 36. g3 Kg7 37. Rf5 Kg6 38. Kf4 Bd7 39. Rg5+ Kh6 40.
Rd5 Rf8+ 41. Ke3 Bg4 42. Rd3 Be6 43. Nd5 Bxd5 44. Rxd5 a4 45. Rf5 Rg8 46. Kf4
axb3 47. axb3 Rg4+ 48. Kf3 Rg7 49. Rf6+ Kg5 50. Rf8 Re7 51. Rf5+ Kg6 52. Kf4
Re6 53. Rg5+ Kh6 54. e5 dxe5+ 55. Kf5 e4 56. Rg8 e3 57. Kxe6 e2 58. Kf6 1-0

[Event "XVII Festival Magistrale"]
[Site "Asti ITA"]
[Date "1996.10.11"]
[Round "7"]
[White "Ricca, Roberto"]
[Black "Duarte, Riccardo"]
[Result "1-0"]
[WhiteElo "2051"]
[BlackElo "2005"]
[PlyCount "80"]
[EventDate "1996.10.05"]

1. e4 e5 2. Bc4 Nc6 3. Nf3 d6 4. d4 Bg4 5. c3 exd4 6. Qb3 Qd7 7. Qxb7 Rb8 8.
Qa6 dxc3 9. Nxc3 Rb6 10. Qa4 Rb4 11. Qa6 Bxf3 12. gxf3 Nd4 13. Bb3 Nxf3+ 14.
Kd1 c6 15. Be3 Nd4 16. Ba4 Ne7 17. a3 Qg4+ 18. Kc1 Nb3+ 19. Bxb3 Rxb3 20. Qxa7
Qc8 21. Rd1 Rb7 22. Qd4 Ng6 23. b4 Qd8 24. f4 Be7 25. e5 dxe5 26. Qe4 Qc7 27.
f5 Nf4 28. Ra2 O-O 29. Rad2 Nd5 30. Rg1 Nxe3 31. Qxe3 g6 32. Ne4 Rd8 33. fxg6
fxg6 34. Rf2 Rf8 35. Qh6 Bxb4 36. axb4 Rxf2 37. Nxf2 Rxb4 38. Rg4 Rxg4 39. Nxg4
Qf7 40. Qe3 40... Qc4+ $139 1-0

[Event "XVII Festival Magistrale"]
[Site "Asti ITA"]
[Date "1996.10.11"]
[Round "7"]
[White "Rossi, Giampiero"]
[Black "Faraoni, Enrico"]
[Result "1-0"]
[WhiteElo "2105"]
[BlackElo "2160"]
[PlyCount "58"]
[EventDate "1996.10.05"]

1. d4 f5 2. Bg5 d5 3. e3 Nf6 4. Bxf6 exf6 5. Bd3 Bd6 6. Ne2 Nc6 7. c3 O-O 8.
Nd2 Ne7 9. O-O c6 10. g3 g5 11. Qc2 Qe8 12. Rfe1 Qh5 13. f4 Bd7 14. Nf1 Rae8
15. Kg2 Rf7 16. a3 Rg7 17. c4 Ng6 18. Kf2 Re4 19. Bxe4 fxe4 20. Ng1 gxf4 21.
exf4 Nxf4 22. Re3 c5 23. gxf4 cxd4 24. Rg3 Bxf4 25. Rxg7+ Kxg7 26. Ke1 dxc4 27.
Qg2+ Kf8 28. Qxe4 Qh4+ 29. Ke2 d3+ 1-0

[Event "XVII Festival Magistrale"]
[Site "Asti ITA"]
[Date "1996.10.11"]
[Round "7"]
[White "Trumpf, Walter"]
[Black "Chilese, Carlo"]
[Result "1-0"]
[WhiteElo "2155"]
[BlackElo "1962"]
[PlyCount "111"]
[EventDate "1996.10.05"]

1. d4 Nf6 2. Nf3 e6 3. c4 d5 4. Nc3 Be7 5. Bg5 Nbd7 6. e3 O-O 7. Bd3 h6 8. Bh4
b6 9. O-O Bb7 10. Rc1 Ne4 11. Bxe7 Qxe7 12. cxd5 exd5 13. Nd2 Nxc3 14. Rxc3 c5
15. Bb1 Nf6 16. Qa4 Rfd8 17. Rfc1 Qd7 18. Qd1 c4 19. e4 b5 20. e5 Ne4 21. Re3
Rab8 22. Qc2 Nxd2 23. Qxd2 Qe6 24. Rf3 Bc8 25. Re1 Rb6 26. Qf4 b4 27. Qh4 Re8
28. h3 Qe7 29. Qf4 Rf6 30. Qg3 Rxf3 31. Qxf3 Be6 32. Re3 Rb8 33. Qd1 a5 34. Rg3
Rb6 35. Kh2 Bd7 36. f4 f5 37. Qf3 Qe6 38. Bc2 Kh7 39. Qh5 Bc8 40. Qh4 Bd7 41.
Qd8 Ra6 42. Qf8 g6 43. h4 Qg8 44. Qe7+ Qg7 45. Qd8 Qf7 46. Qc7 Qe7 47. Kh3 Kh8
48. Ba4 g5 49. hxg5 Qe8 50. g6 Qc8 51. Qxd7 Qxd7 52. Bxd7 Kg7 53. Bxf5 a4 54.
Bb1 c3 55. bxc3 a3 56. f5 1-0

[Event "XVII Festival Magistrale"]
[Site "Asti ITA"]
[Date "1996.10.12"]
[Round "8"]
[White "Astengo, Marcello"]
[Black "Duarte, Riccardo"]
[Result "0-1"]
[WhiteElo "2115"]
[BlackElo "2005"]
[PlyCount "82"]
[EventDate "1996.10.05"]

1. d4 e6 2. Nf3 f5 3. Bf4 d6 4. e3 Be7 5. Bd3 h5 6. h3 g5 7. Bh2 g4 8. Nfd2 Nc6
9. c3 Bg5 10. Na3 Bd7 11. Qe2 Qf6 12. O-O-O O-O-O 13. Kb1 Nge7 14. e4 Ng6 15.
g3 Bxd2 16. Qxd2 gxh3 17. exf5 exf5 18. f4 h4 19. d5 Nce7 20. Bf1 Nxd5 21. Bxh3
Bc6 22. Bg1 Nxc3+ 23. bxc3 Bxh1 24. Bd4 Be4+ 25. Kb2 Qf7 26. Bxh8 Rxh8 27. Qe3
hxg3 28. Qxg3 Nxf4 29. Bf1 Nd5 30. Nb5 Kb8 31. Qf2 Nb6 32. Rd4 a6 33. Rxe4 axb5
34. Bxb5 Qd5 35. Rb4 Rg8 36. Bf1 Rh8 37. a4 Qe5 38. Qd4 Rh2+ 39. Kb3 Qe1 40.
Qd3 Rd2 41. Qxf5 Qb1+ 0-1

[Event "XVII Festival Magistrale"]
[Site "Asti ITA"]
[Date "1996.10.12"]
[Round "8"]
[White "Bianco, Valerio"]
[Black "Nurkic, Sahbaz"]
[Result "0-1"]
[WhiteElo "2215"]
[BlackElo "2405"]
[PlyCount "54"]
[EventDate "1996.10.05"]

1. e4 g6 2. d4 Bg7 3. Nf3 c6 4. h3 Nf6 5. Bd3 d6 6. O-O O-O 7. Qe2 Qc7 8. e5
Nd5 9. a3 dxe5 10. dxe5 b5 11. c4 bxc4 12. Bxc4 Nd7 13. Re1 Nc5 14. b4 Ne6 15.
Bb2 a5 16. b5 Ndf4 17. Qf1 cxb5 18. Bxb5 Qc2 19. Ra2 Bb7 20. Nbd2 g5 21. Rc1
Qg6 22. Bc6 Ba6 23. Bb5 Bxb5 24. Qxb5 Rab8 25. Qf1 Nd3 26. Rb1 Rfc8 27. Ba1
Rxb1 0-1

[Event "XVII Festival Magistrale"]
[Site "Asti ITA"]
[Date "1996.10.12"]
[Round "8"]
[White "Capurro, Giuliano"]
[Black "Frassati, Giovanni"]
[Result "1-0"]
[WhiteElo "2016"]
[BlackElo "1869"]
[PlyCount "63"]
[EventDate "1996.10.05"]

1. e4 e5 2. Nf3 Nc6 3. Bc4 Bc5 4. d3 Nf6 5. O-O O-O 6. Bg5 h6 7. Be3 Bb6 8. a3
d6 9. h3 Be6 10. Nbd2 d5 11. exd5 Nxd5 12. Bxb6 axb6 13. Re1 Qf6 14. Ne4 Qe7
15. Ng3 Qd6 16. Nh4 Qd7 17. Bxd5 Qxd5 18. Qh5 Qd7 19. Rad1 Ra5 20. Ngf5 Bxf5
21. Nxf5 Nd4 22. Nxd4 exd4 23. Qh4 Rg5 24. Re4 c5 25. Rde1 f5 26. Re7 Qd5 27.
f3 Rf6 28. Qf4 Rfg6 29. Re8+ Kh7 30. R1e2 Rg3 31. Qb8 Rf6 32. Qxg3 1-0

[Event "XVII Festival Magistrale"]
[Site "Asti ITA"]
[Date "1996.10.12"]
[Round "8"]
[White "Chilese, Carlo"]
[Black "Ricca, Roberto"]
[Result "0-1"]
[WhiteElo "1962"]
[BlackElo "2051"]
[PlyCount "48"]
[EventDate "1996.10.05"]

1. d4 f5 2. Nf3 Nf6 3. g3 g6 4. Bg2 Bg7 5. O-O O-O 6. c4 d6 7. Nc3 Qe8 8. d5 h5
9. Qc2 g5 10. e4 fxe4 11. Nxe4 Nxe4 12. Qxe4 Bf5 13. Qe3 c5 14. Bd2 Bxb2 15.
Rab1 Bxb1 16. Rxb1 Bf6 17. Bh3 b6 18. Be6+ Kh8 19. Nh4 Bd4 20. Bc3 Rf6 21. Nf5
Bxe3 22. Nxd6 Bxf2+ 23. Kg2 Qa4 24. Rf1 Bd4 0-1

[Event "XVII Festival Magistrale"]
[Site "Asti ITA"]
[Date "1996.10.12"]
[Round "8"]
[White "Efimov, Igor"]
[Black "Luther, Thomas"]
[Result "1/2-1/2"]
[WhiteElo "2510"]
[BlackElo "2495"]
[PlyCount "42"]
[EventDate "1996.10.05"]

1. d4 e6 2. Nf3 d5 3. Bf4 Bd6 4. e3 Bxf4 5. exf4 Qd6 6. Qd2 Ne7 7. Nc3 O-O 8.
O-O-O b6 9. h4 c5 10. g3 c4 11. Qe2 Nd7 12. Bh3 Rb8 13. Ng5 b5 14. Rhe1 b4 15.
Na4 Qa6 16. b3 Nb6 17. Qh5 h6 18. Nxf7 cxb3 19. Bxe6 Bxe6 20. Nxh6+ gxh6 21.
Rxe6 bxa2 1/2-1/2

[Event "XVII Festival Magistrale"]
[Site "Asti ITA"]
[Date "1996.10.12"]
[Round "8"]
[White "Faraoni, Enrico"]
[Black "Cantore, Alberto"]
[Result "1/2-1/2"]
[WhiteElo "2160"]
[BlackElo "2045"]
[PlyCount "101"]
[EventDate "1996.10.05"]

1. f4 e5 2. fxe5 d6 3. exd6 Bxd6 4. Nf3 Nf6 5. g3 Ng4 6. Bg2 h5 7. d4 h4 8. Bg5
f6 9. Qd3 h3 10. Bxh3 Rxh3 11. Nc3 Bxg3+ 12. Kd2 Ne5 13. dxe5 Qxd3+ 14. exd3
Bf2 15. Nd5 Rxf3 16. exf6 gxf6 17. Nxf6+ Rxf6 18. Bxf6 Bh3 19. Be5 Kd7 20. Bg3
Bc5 21. Rae1 Bg2 22. c3 Bxh1 23. Rxh1 Nc6 24. d4 Bd6 25. Rf1 Rh8 26. Bxd6 Kxd6
27. Rf2 Rh3 28. Ke2 Ne7 29. Kf1 Nd5 30. Kg2 Rd3 31. h3 b5 32. a3 a5 33. Kh2 a4
34. h4 Nxc3 35. bxc3 Rxc3 36. h5 Rxa3 37. h6 Re3 38. Rf5 c6 39. Kg2 Re7 40. Rh5
Rh7 41. Kf2 a3 42. Ke3 b4 43. Kd3 a2 44. Rh1 Ra7 45. Ra1 Kd5 46. Kc2 Kc4 47.
Kb2 b3 48. Rh1 Kxd4 49. h7 a1=Q+ 50. Rxa1 Rxh7 51. Rd1+ 1/2-1/2

[Event "XVII Festival Magistrale"]
[Site "Asti ITA"]
[Date "1996.10.12"]
[Round "8"]
[White "Flear, Glenn Curtis"]
[Black "Chabanon, Jean-Luc"]
[Result "1-0"]
[WhiteElo "2435"]
[BlackElo "2435"]
[PlyCount "109"]
[EventDate "1996.10.05"]

1. d4 Nf6 2. c4 e6 3. Nc3 Bb4 4. Qb3 c5 5. dxc5 Nc6 6. Nf3 Ne4 7. Bd2 Nxc5 8.
Qc2 O-O 9. e3 b6 10. Be2 a5 11. a3 Bxc3 12. Bxc3 a4 13. O-O Qe7 14. Nd4 e5 15.
Nxc6 dxc6 16. Bb4 Rd8 17. Rad1 Rxd1 18. Rxd1 Be6 19. Bf3 Qc7 20. Bxc5 bxc5 21.
Qe4 Bd7 22. Qd3 Be8 23. h4 g6 24. g3 f5 25. e4 f4 26. Bg4 Qe7 27. Rd2 h5 28.
Bd1 g5 29. hxg5 Qxg5 30. Kh2 Bf7 31. gxf4 exf4 32. Qh3 Re8 33. f3 Kh8 34. Bxa4
Rg8 35. Rg2 Qf6 36. Rxg8+ Kxg8 37. Qg2+ Kh7 38. Qf2 Bxc4 39. e5 Qg6 40. Qg2
Qxg2+ 41. Kxg2 Kg6 42. Bc2+ Kf7 43. Bf5 Bb3 44. Bd7 Ke7 45. Bxc6 Ke6 46. Kh3
Kxe5 47. Kh4 Kd4 48. Kxh5 Ke3 49. Kg4 Be6+ 50. Kg5 Bb3 51. Kf5 c4 52. a4 Bc2+
53. Kg4 Kd4 54. Kxf4 Kc5 55. Bb5 1-0

[Event "XVII Festival Magistrale"]
[Site "Asti ITA"]
[Date "1996.10.12"]
[Round "8"]
[White "Fuggetta, Leonardo"]
[Black "Mollero, Michele"]
[Result "0-1"]
[WhiteElo "2105"]
[BlackElo "2030"]
[PlyCount "136"]
[EventDate "1996.10.05"]

1. Nf3 b6 2. e4 Bb7 3. d3 e6 4. g3 d5 5. Nbd2 Nf6 6. e5 Nfd7 7. Bg2 c5 8. O-O
Nc6 9. Re1 Be7 10. c3 Qc7 11. Qe2 O-O 12. Nf1 Rac8 13. h4 a5 14. N1h2 Ba6 15.
Bf4 c4 16. d4 b5 17. Ng4 Qd8 18. Ng5 h5 19. Ne3 g6 20. Bf3 Bxg5 21. Bxg5 Qc7
22. Bh6 Rfe8 23. Bxh5 Ncxe5 24. dxe5 gxh5 25. Qxh5 Qxe5 26. Qg4+ Kh7 27. Bg5
Qg7 28. Qh5+ Kg8 29. Ng4 Qg6 30. Nh6+ Kg7 31. Qg4 Kh7 32. h5 Qg7 33. Qh4 f6 34.
Be3 Ne5 35. Kg2 d4 36. cxd4 Bb7+ 37. Kh3 Nf3 38. Qg4 Nxe1 39. Rxe1 Qxg4+ 40.
Nxg4 Kg7 41. a3 b4 42. axb4 axb4 43. Bd2 c3 44. bxc3 bxc3 45. Bh6+ Kf7 46. Rc1
Bf3 47. Kh4 Bxg4 48. Kxg4 Rc4 49. Kf3 Rh8 50. Be3 Rxh5 51. Ke2 Rh8 52. Kd3 Rhc8
53. Rc2 Ke7 54. Bh6 Kd6 55. Bg7 Ke7 56. Bh6 R4c6 57. Bf4 Kd7 58. Bh6 e5 59.
dxe5 fxe5 60. Be3 Ke6 61. f4 Rd8+ 62. Ke2 exf4 63. Bxf4 Kf5 64. Kf3 Rd3+ 65.
Ke2 Ke4 66. g4 Rh3 67. Bc1 Rh2+ 68. Kd1 Rd6+ 0-1

[Event "XVII Festival Magistrale"]
[Site "Asti ITA"]
[Date "1996.10.12"]
[Round "8"]
[White "Krasenkow, Michal"]
[Black "Mrdja, Milan"]
[Result "1-0"]
[WhiteElo "2605"]
[BlackElo "2455"]
[PlyCount "55"]
[EventDate "1996.10.05"]

1. d4 Nf6 2. c4 c5 3. d5 e6 4. Nc3 exd5 5. cxd5 d6 6. e4 g6 7. h3 Bg7 8. Nf3
O-O 9. Bd3 b5 10. Nxb5 Re8 11. O-O Nxe4 12. Re1 Nf6 13. Bf4 Rxe1+ 14. Nxe1 Bf8
15. Nc2 a6 16. Nc3 Nbd7 17. Ne3 Nb6 18. Bg5 Be7 19. Qf3 Ra7 20. Bf4 Ne8 21. Re1
Bf6 22. Ng4 Bxg4 23. hxg4 Nc7 24. Bxd6 Bxc3 25. Re7 Qxe7 26. Bxe7 Ncxd5 27.
Bxc5 Bxb2 28. Qe2 1-0

[Event "XVII Festival Magistrale"]
[Site "Asti ITA"]
[Date "1996.10.12"]
[Round "8"]
[White "Maccagno, Giancarlo"]
[Black "Frank, Albert"]
[Result "0-1"]
[WhiteElo "2205"]
[BlackElo "2045"]
[PlyCount "56"]
[EventDate "1996.10.05"]

1. e4 c5 2. d4 cxd4 3. c3 dxc3 4. Nxc3 e6 5. Nf3 a6 6. Bc4 b5 7. Bb3 Bb7 8. Qe2
Bc5 9. O-O Ne7 10. Bg5 d6 11. Rad1 Qc7 12. Rfe1 O-O 13. a3 Ng6 14. h4 Ne5 15.
Nxe5 dxe5 16. Qg4 Kh8 17. Rd3 Nc6 18. h5 Nd4 19. Ba2 f5 20. Qh3 Rae8 21. h6
fxe4 22. Nxe4 Bxe4 23. Rxe4 g6 24. Rc3 Qd6 25. Qh4 Nf5 26. Qh3 Qd1+ 27. Kh2
Bxf2 28. Qf3 Qg1+ 0-1

[Event "XVII Festival Magistrale"]
[Site "Asti ITA"]
[Date "1996.10.12"]
[Round "8"]
[White "Minnebo, Alain"]
[Black "Vismara, Daniele"]
[Result "1-0"]
[WhiteElo "2214"]
[BlackElo "2155"]
[PlyCount "75"]
[EventDate "1996.10.05"]

1. c4 Nf6 2. Nc3 g6 3. e4 d6 4. d4 Bg7 5. h3 O-O 6. Bg5 Nbd7 7. Nf3 e5 8. d5 a5
9. Be2 Nc5 10. Nd2 h6 11. Be3 Nh7 12. O-O f5 13. a3 Nf6 14. Bxc5 dxc5 15. Rb1
Qe7 16. b3 Bd7 17. Rb2 c6 18. Qb1 cxd5 19. cxd5 h5 20. Nc4 Nxe4 21. Nxe4 fxe4
22. Nb6 Bf5 23. Nxa8 e3 24. Qc1 exf2+ 25. Rxf2 Rxa8 26. g4 hxg4 27. hxg4 Bd7
28. d6 Qe8 29. Qxc5 e4 30. Bc4+ Be6 31. Rbe2 Rc8 32. Bxe6+ Qxe6 33. Rxe4 Qxe4
34. Qxc8+ Kh7 35. Rh2+ Bh6 36. Qd7+ Kg8 37. Qd8+ Bf8 38. Rh8+ 1-0

[Event "XVII Festival Magistrale"]
[Site "Asti ITA"]
[Date "1996.10.12"]
[Round "8"]
[White "Mordiglia, Riccardo"]
[Black "Venturino, Marco"]
[Result "0-1"]
[WhiteElo "2100"]
[BlackElo "2116"]
[PlyCount "68"]
[EventDate "1996.10.05"]

1. d4 Nf6 2. Nc3 d5 3. e4 dxe4 4. f3 exf3 5. Nxf3 Bg4 6. h3 Bh5 7. g4 Bg6 8.
Ne5 e6 9. Qf3 c6 10. Be3 Bb4 11. Nxg6 hxg6 12. Bc4 Nd5 13. O-O O-O 14. Nxd5
cxd5 15. Bd3 Be7 16. Rf2 Nc6 17. c3 Bf6 18. Rd1 e5 19. dxe5 Nxe5 20. Qg2 Bg5
21. Bxg5 Qxg5 22. Qxd5 Rad8 23. Qe4 Rfe8 24. Be2 Nd3 25. Qxe8+ Rxe8 26. Rxd3
Re3 27. Rxe3 Qxe3 28. Kg2 f6 29. Bf3 b6 30. Re2 Qc5 31. Rd2 Qc7 32. Bd5+ Kf8
33. Bb3 Qc6+ 34. Bd5 34... Qc7 {...} 0-1

[Event "XVII Festival Magistrale"]
[Site "Asti ITA"]
[Date "1996.10.13"]
[Round "9"]
[White "Cantore, Alberto"]
[Black "Capurro, Giuliano"]
[Result "1/2-1/2"]
[WhiteElo "2045"]
[BlackElo "2016"]
[PlyCount "90"]
[EventDate "1996.10.05"]

1. d4 d5 2. Nf3 Nf6 3. e3 g6 4. c4 Bg7 5. Nc3 c6 6. Qb3 O-O 7. Bd2 Ne4 8. cxd5
Nxc3 9. Bxc3 cxd5 10. Bd3 Nc6 11. O-O Qd6 12. h3 Rb8 13. a3 b5 14. Bb4 Nxb4 15.
axb4 a6 16. Rfc1 Bb7 17. Rc5 Rbc8 18. Rac1 Rc6 19. Rxc6 Bxc6 20. Rc5 Rc8 21.
Qc3 Qd7 22. Ne5 Bxe5 23. dxe5 Bb7 24. Kf1 Bc6 25. Be2 e6 26. h4 Bb7 27. g3 Rc6
28. Ke1 Qc7 29. Rxc6 Qxc6 30. Qxc6 Bxc6 31. Kd2 Kf8 32. Kc3 Ke7 33. Kd4 Kd7 34.
Kc5 Kc7 35. g4 Bd7 36. f4 Bc8 37. Bd3 Bd7 38. Bc2 Bc8 39. e4 dxe4 40. Bxe4 Bd7
41. g5 Be8 42. Bf3 Bd7 43. h5 Be8 44. h6 Bd7 45. Be4 Be8 1/2-1/2

[Event "XVII Festival Magistrale"]
[Site "Asti ITA"]
[Date "1996.10.13"]
[Round "9"]
[White "Duarte, Riccardo"]
[Black "Maccagno, Giancarlo"]
[Result "1-0"]
[WhiteElo "2005"]
[BlackElo "2205"]
[PlyCount "113"]
[EventDate "1996.10.05"]

1. e4 c5 2. f4 d5 3. exd5 Nf6 4. Bb5+ Bd7 5. Bxd7+ Qxd7 6. c4 Na6 7. Nf3 Qg4 8.
O-O Qxf4 9. d4 Qd6 10. b3 e6 11. Re1 Be7 12. dxe6 fxe6 13. Nc3 O-O 14. Nb5 Qd7
15. Qe2 cxd4 16. Nbxd4 Bc5 17. Qxe6+ Qxe6 18. Rxe6 Nb4 19. Bb2 Nd3 20. Bc3 Rae8
21. Rxe8 Rxe8 22. Rd1 Re3 23. Kf1 Ne4 24. Nf5 Nxc3 25. Nxe3 Nxd1 26. Nxd1 Nc1
27. Nc3 Bb4 28. Nd5 Ba3 29. Nc3 Bb2 30. Nb5 Nxa2 31. Nxa7 Nc1 32. b4 Kf8 33.
Ng5 h6 34. Ne4 Ke7 35. Nc8+ Kd7 36. Nb6+ Kc6 37. Nd5 b5 38. Ne3 bxc4 39. Nxc4
Bd4 40. Na3 Nd3 41. Nc2 Kd5 42. Ng3 Be5 43. Ke2 Nf4+ 44. Kf3 Ne6 45. Ne3+ Kd4
46. Ngf5+ Kd3 47. h4 g6 48. Nxh6 Nd4+ 49. Kf2 Nc6 50. b5 Na7 51. b6 Bd4 52.
bxa7 Bxe3+ 53. Kf3 Bxa7 54. Nf7 Bd4 55. Kf4 Bf6 56. Ne5+ Ke2 57. Nxg6 1-0

[Event "XVII Festival Magistrale"]
[Site "Asti ITA"]
[Date "1996.10.13"]
[Round "9"]
[White "Efimov, Igor"]
[Black "Arlandi, Ennio"]
[Result "0-1"]
[WhiteElo "2510"]
[BlackElo "2445"]
[PlyCount "80"]
[EventDate "1996.10.05"]

1. e4 c6 2. d4 d5 3. exd5 cxd5 4. c4 Nf6 5. Nc3 e6 6. Nf3 Be7 7. Bg5 Nc6 8. c5
O-O 9. Rc1 Ne4 10. Bxe7 Qxe7 11. Be2 Rd8 12. Qc2 Nxc3 13. Qxc3 e5 14. Qe3 e4
15. Nd2 Qf6 16. Nb3 Ne7 17. O-O Nf5 18. Qc3 Bd7 19. f3 Qg5 20. f4 Qg6 21. Kh1
h5 22. Na5 Rab8 23. b4 a6 24. g3 Re8 25. Rg1 Bb5 26. Bxh5 Qxh5 27. g4 Qh4 28.
gxf5 Be2 29. Rg3 Qxf4 30. Kg1 e3 31. Qe1 Bh5 32. Nb3 e2 33. Rcc3 Qxf5 34. a4
Re4 35. b5 Rf4 36. Nd2 Rxd4 37. Rc1 Qf4 38. Rc2 Re8 39. c6 bxc6 40. bxc6 Rxd2
0-1

[Event "XVII Festival Magistrale"]
[Site "Asti ITA"]
[Date "1996.10.13"]
[Round "9"]
[White "Frassati, Giovanni"]
[Black "Malano, Francesco"]
[Result "0-1"]
[WhiteElo "1869"]
[BlackElo "2080"]
[PlyCount "120"]
[EventDate "1996.10.05"]

1. e4 c5 2. Nf3 Nc6 3. d4 cxd4 4. Nxd4 g6 5. Nxc6 bxc6 6. Qd4 Nf6 7. e5 Nd5 8.
e6 f6 9. Bd2 dxe6 10. c4 Qb6 11. c5 Qc7 12. Na3 Bg7 13. Nc4 O-O 14. Bd3 Rd8 15.
Ba5 Nb6 16. Qe4 f5 17. Qe2 Bd4 18. cxb6 axb6 19. Bc3 c5 20. Bxd4 Rxd4 21. Ne5
Ba6 22. f3 Rd5 23. Nxg6 Rxd3 24. Qxe6+ Kg7 25. Nxe7 Re8 26. O-O Rxe7 27. Qxf5
Rde3 28. Qg5+ Kf8 29. Qf6+ Ke8 30. Rfd1 Bd3 31. Qh8+ Kd7 32. Qg8 Kc6 33. a4 Re8
34. Qg5 Qe5 35. Qxe5 R8xe5 36. Rd2 c4 37. Rad1 Re1+ 38. Rxe1 Rxe1+ 39. Kf2 Ra1
40. b3 Kc5 41. Ke3 Bg6 42. a5 Rxa5 43. bxc4 Ra3+ 44. Kf4 Kxc4 45. Ke5 Re3+ 46.
Kf6 Bd3 47. Kg7 b5 48. f4 b4 49. g4 Re2 50. Rd1 Rxh2 51. f5 Rg2 52. Rc1+ Kd4
53. f6 Rxg4+ 54. Kh8 h5 55. Rh1 Bg6 56. Kg7 b3 57. Rd1+ Kc3 58. Rc1+ Bc2+ 59.
Kh8 Rf4 60. Ra1 b2 0-1

[Event "XVII Festival Magistrale"]
[Site "Asti ITA"]
[Date "1996.10.13"]
[Round "9"]
[White "Fuggetta, Leonardo"]
[Black "Musso, Luciano"]
[Result "1/2-1/2"]
[WhiteElo "2105"]
[BlackElo "1921"]
[PlyCount "51"]
[EventDate "1996.10.05"]

1. c4 Nf6 2. Nc3 g6 3. g3 d6 4. d4 Bg7 5. Bg2 O-O 6. Nf3 c6 7. O-O Na6 8. a3
Bd7 9. Qc2 Qc8 10. Rd1 Bh3 11. Bh1 h6 12. e4 Nc7 13. Nh4 e5 14. dxe5 dxe5 15.
b4 Ne6 16. Ne2 Rd8 17. Bb2 Qc7 18. Nf3 Ne8 19. c5 g5 20. Nd2 Rd7 21. Nc4 Rad8
22. Bg2 Bxg2 23. Kxg2 g4 24. Rxd7 Rxd7 25. Rd1 f6 26. Ne3 1/2-1/2